[Event "ch-LTU"]
[Site "Vilnius LTU"]
[Date "2006.03.25"]
[Round "10"]
[White "Sakalauskas,V"]
[Black "Butnorius,A"]
[Result "1-0"]
[WhiteElo "2464"]
[BlackElo "2392"]

1.d4 Nf6 2.c4 e6 3.Nc3 Bb4 4.Qc2 O-O 5.e4 d6 6.a3 Bxc3+ 7.bxc3 e5 8.Bd3 Nc6
9.Ne2 Ne7 10.f4 Bg4 11.O-O Bxe2 12.Qxe2 Nd7 13.c5 exf4 14.cxd6 cxd6 15.Bxf4 Nb6
16.Rf3 Ng6 17.Bd2 Rc8 18.Rh3 Re8 19.Qh5 Nf8 20.Rf1 g6 21.Qh6 f6 22.Bg5 Nbd7
23.Rhf3 Rxc3 24.Bxf6 Nxf6 25.Rxf6 Qe7 26.Bb1 Rxa3 27.Qc1 d5 28.Rf7 Qb4 29.Qh6  1-0

[Event "V Open"]
[Site "Dos Hermanas ESP"]
[Date "2006.04.02"]
[Round "4"]
[White "Colovic,A"]
[Black "Korneev,O"]
[Result "1/2-1/2"]
[WhiteElo "2459"]
[BlackElo "2649"]

1.d4 Nf6 2.c4 e6 3.Nc3 Bb4 4.Qc2 O-O 5.e4 d5 6.e5 Ne4 7.Bd3 c5 8.cxd5 exd5
9.Ne2 Nc6 10.O-O Nxd4 11.Nxd4 cxd4 12.Nxe4 dxe4 13.Bxe4 h6 14.Bf4 Qb6 15.Qb3 Re8
16.Qf3 Bf8 17.b3 a5 18.Rad1 a4 19.Rd3 axb3 20.axb3 Ra3 21.Rb1 Rd8 22.h3 Be6
23.Kh2 Ra2 24.Bxh6 Ra5 25.Bg5 Rd7 26.Qh5 g6 27.Qf3 Rxe5 28.Bf4 Rxe4 29.Qxe4 Bf5
30.Qf3 Bxd3 31.Qxd3 Bd6 32.Bxd6 Qxd6+ 33.g3 Qd5 34.Rc1 Kg7 35.b4 Qa2 36.Kg2 Qb2
37.Rb1 Qa2 38.b5 b6 39.h4 Rd6 40.Re1 Qd5+ 41.Kg1 Qc5 42.Re4 Rd5 43.Rf4 f5
44.Kg2 Rd7 45.h5 Qd5+ 46.Kh2 Rd8 47.Kg1 Qe5 48.hxg6 Kxg6 49.Rg4+ Kf7 50.Rh4 Rd6
51.Qc4+ Qd5 52.Qc7+ Rd7 53.Rh7+ Ke6 54.Rh6+ Ke7 55.Rh7+ Ke6 56.Rh6+ Ke7 57.Rh7+  1/2-1/2

[Event "32nd ch-IND w"]
[Site "Visakhapatnam IND"]
[Date "2006.04.04"]
[Round "2"]
[White "Mohota,N"]
[Black "Ramaswamy,A"]
[Result "1-0"]
[WhiteElo "2318"]
[BlackElo "2239"]

1.d4 Nf6 2.c4 e6 3.Nc3 Bb4 4.Qc2 O-O 5.a3 Bxc3+ 6.Qxc3 d6 7.f3 c5 8.dxc5 dxc5
9.Nh3 Nc6 10.e3 e5 11.Nf2 e4 12.f4 Re8 13.Be2 h5 14.b4 a5 15.bxc5 Ne7 16.Bb2 Nf5
17.Rd1 Qc7 18.Rd5 Nxd5 19.cxd5 b6 20.c6 Qd6 21.g4 hxg4 22.Nxg4 Ba6 23.Bxa6 Rxa6
24.Rg1 Kh7 25.Qc4 b5 26.Qf1 Qxd5 27.Qh3+ Nh6 28.Qxh6+ gxh6 29.Nf6+ Kh8 30.Nxd5+  1-0

[Event "32nd ch-IND w"]
[Site "Visakhapatnam IND"]
[Date "2006.04.05"]
[Round "3"]
[White "Vijayalakshmi,S"]
[Black "Mohota,N"]
[Result "1-0"]
[WhiteElo "2479"]
[BlackElo "2318"]

1.d4 Nf6 2.c4 e6 3.Nc3 Bb4 4.Qc2 O-O 5.a3 Bxc3+ 6.Qxc3 b6 7.Bg5 Bb7 8.e3 d6
9.f3 h6 10.Bh4 Nbd7 11.Bd3 c5 12.Ne2 Rc8 13.b4 d5 14.cxd5 Nxd5 15.Bxd8 Nxc3
16.Be7 Rfe8 17.Nxc3 cxd4 18.Nb5 Rxe7 19.exd4 Nf6 20.Nxa7 Rd8 21.Nb5 e5 22.O-O-O exd4
23.Rhe1 Red7 24.Kb2 g6 25.a4 Nd5 26.Kb3 Ne3 27.Rd2 Bd5+ 28.Kb2 Bc4 29.g3 Ra8
30.Ra1 Kg7 31.Kb1 Rc8 32.Na3 Bxd3+ 33.Rxd3 Rc3 34.Rxc3 dxc3 35.Ka2 Rd2+ 36.Kb3 Rd3
37.Nc2 Nd5 38.a5 bxa5 39.bxa5 Nc7 40.Ra4 Rd5 41.Kxc3 Rc5+ 42.Kb3 Na6 43.Nb4 Nc7
44.a6 Rc1 45.a7 Na8 46.Ra2 Rc7 47.Ra6 Kf8 48.Nd5 Rc5 49.Nc3 Ke7 50.Kb4 Rh5
51.h4 Kd7 52.Nb5 Kc8 53.Rf6 Rf5 54.Nd6+  1-0

[Event "32nd ch-IND w"]
[Site "Visakhapatnam IND"]
[Date "2006.04.07"]
[Round "5"]
[White "Meenakshi,S1"]
[Black "Gomes,M"]
[Result "0-1"]
[WhiteElo "2289"]
[BlackElo "2231"]

1.d4 Nf6 2.c4 e6 3.Nc3 Bb4 4.Qc2 O-O 5.a3 Bxc3+ 6.Qxc3 b6 7.Bg5 Bb7 8.e3 d6
9.f3 Nbd7 10.Bd3 c5 11.Ne2 Rc8 12.O-O Ba6 13.Qb3 d5 14.Rac1 h6 15.Bh4 b5
16.cxb5 c4 17.Bxc4 dxc4 18.Bxf6 Nxf6 19.Qa4 Bb7 20.Qxa7 Qd7 21.Qa4 Nd5 22.Kf2 Qd6
23.e4 Nf4 24.Nxf4 Qxf4 25.Qc2 f5 26.g3 Qd6 27.Ke3 f4+ 28.Kf2 fxg3+ 29.hxg3 Qxd4+
30.Kg2 Rc5 31.a4 Rg5 32.Qxc4 Qxb2+ 33.Rf2 Qe5 34.Qc7 Rxg3+ 35.Kh2 Qg5 36.Qxg3 Qxc1
37.Qe5 Kh7 38.Rg2 Rf7 39.a5 Bc8 40.b6 Qc6 41.Qd4 Ba6 42.Qe5 Qd7 43.Qg3 g5
44.Rc2 Kg6 45.Qe5 Rxf3 46.Qc7 Qd3 47.Kg2 Qf1+  0-1

[Event "FSIM April"]
[Site "Budapest HUN"]
[Date "2006.04.09"]
[Round "9"]
[White "Fodor,T jr"]
[Black "Arjun,V"]
[Result "1/2-1/2"]
[WhiteElo "2383"]
[BlackElo "2221"]

1.d4 Nf6 2.c4 e6 3.Nc3 Bb4 4.Qc2 O-O 5.a3 Bxc3+ 6.Qxc3 b6 7.Nf3 Bb7 8.e3 d6
9.Be2 Nbd7 10.b4 Ne4 11.Qc2 a5 12.Bb2 axb4 13.axb4 Rxa1+ 14.Bxa1 f5 15.O-O Qe7
16.Rd1 Ra8 17.Bb2 Ndf6 18.h3 Qe8 19.d5 e5 20.Nh4 g6 21.b5 Ra2 22.Ra1 Rxa1+
23.Bxa1 Qa8 24.Bb2 Qa2 25.Nf3 Nc5 26.Bd1 Nd3 27.Qxd3 Qxb2 28.Qc2  1/2-1/2

[Event "TCh-HUN 2005-6"]
[Site "Hungary HUN"]
[Date "2006.04.09"]
[Round "10"]
[White "Varga,P1"]
[Black "Kiss,At"]
[Result "1/2-1/2"]
[WhiteElo "2418"]
[BlackElo "2404"]

1.d4 Nf6 2.c4 e6 3.Nc3 Bb4 4.Qc2 O-O 5.a3 Bxc3+ 6.Qxc3 b6 7.Bg5 Bb7 8.Nf3 d6
9.Nd2 Nbd7 10.f3 c5 11.e4 h6 12.Bh4 Re8 13.Bd3 Nf8 14.dxc5 bxc5 15.Bxf6 Qxf6
16.Qxf6 gxf6 17.O-O-O Ng6 18.Kc2 Bc6 19.Kc3 a5 20.g3 Ne5 21.f4 Nd7 22.Rhe1 Kf8
23.g4 Ke7 24.Re3 Rg8 25.Be2 h5 26.gxh5 Rg2 27.Bf3 Rxh2 28.Rh1 Rxh1 29.Bxh1 f5
30.Rh3 fxe4  1/2-1/2

[Event "FSIM April"]
[Site "Budapest HUN"]
[Date "2006.04.11"]
[Round "11"]
[White "Fodor,T jr"]
[Black "Ignacz,M"]
[Result "1/2-1/2"]
[WhiteElo "2383"]
[BlackElo "2228"]

1.d4 Nf6 2.c4 e6 3.Nc3 Bb4 4.Qc2 O-O 5.e4 d5 6.e5 Ne4 7.Bd3 c5 8.a3 Bxc3+
9.bxc3 cxd4 10.cxd4 Qa5+ 11.Bd2 Nxd2 12.Qxd2 Qxd2+ 13.Kxd2 dxc4 14.Bxc4 Nc6
15.Ke3 Rd8 16.Ne2 b6 17.Bd3 Bb7 18.Be4 Rac8  1/2-1/2

[Event "ch-DEN Gladiator"]
[Site "Aalborg DEN"]
[Date "2006.04.16"]
[Round "9"]
[White "Pedersen,Stef"]
[Black "Aagaard,J"]
[Result "1/2-1/2"]
[WhiteElo "2446"]
[BlackElo "2447"]

1.d4 Nf6 2.c4 e6 3.Nc3 Bb4 4.Qc2 O-O 5.a3 Bxc3+ 6.Qxc3 b6 7.Bg5 c5 8.dxc5 bxc5
9.Nf3 Nc6 10.e3 h6 11.Bxf6 Qxf6 12.Qxf6 gxf6 13.Nd2 f5 14.O-O-O d6 15.g4 fxg4
16.Ne4 Rd8 17.Bg2 Kf8 18.Nxc5 d5 19.cxd5 exd5 20.Bxd5 Rd6 21.Bg2 Rg6 22.Rd5 Rb8
23.Rhd1 Ke7 24.Nd3 Rf6 25.Rc5 Bd7 26.Nf4 Rd6 27.Rxd6 Kxd6 28.b4 a5 29.Bxc6 axb4
30.Bxd7 Kxc5 31.axb4+ Kd6 32.Bxg4 Rxb4 33.Kd1 Rb2 34.Ke1 Ke7 35.Kf1 Kf6 36.Kg2 Kg7
37.Bf5 Ra2 38.Nh5+ Kf8 39.Kg3 Ke7 40.Kg4 Rxf2 41.h3 Rf1 42.Ng3 Rg1 43.Bd3 Rd1
44.Be2 Re1 45.Kh5 Kf6 46.Kxh6 Ke5 47.Kg5 f5 48.Kh4 f4 49.exf4+ Kxf4 50.Bg4 Re5
51.Nh5+ Ke4 52.Nf6+ Kf4 53.Nh5+ Ke4 54.Ng7 Kf4 55.Ne6+ Ke4 56.Nf8 Ra5 57.Nd7 Kf4
58.Nf6 Rc5 59.Bd7 Ra5 60.Nh5+ Ke5 61.Kg5 Kd6+ 62.Bf5 Ke7 63.h4 Ra6 64.Nf4 Kf7
65.Bg6+ Kg7 66.h5 Ra5+ 67.Bf5 Ra6 68.Nh3 Rb6 69.Nf2 Ra6 70.Ng4 Rb6 71.h6+ Kh8
72.Ne5 Rb7 73.Kf6 Rb6+ 74.Be6 Kh7 75.Nf7 Ra6 76.Ke5 Ra5+ 77.Bd5 Kg6  1/2-1/2

[Event "17th Pobeskydi Arcimpex Cup"]
[Site "Frydek Mistek CZE"]
[Date "2006.04.16"]
[Round "8"]
[White "Michenka,J"]
[Black "Vesselovsky,S"]
[Result "1/2-1/2"]
[WhiteElo "2385"]
[BlackElo "2390"]

1.d4 Nf6 2.c4 e6 3.Nc3 Bb4 4.Qc2 O-O 5.a3 Bxc3+ 6.Qxc3 d6 7.g3 e5 8.dxe5 dxe5
9.Bg2 Re8 10.Nh3 Nc6 11.O-O Nd4 12.Re1 Bf5 13.Ra2 Qc8 14.Ng5 h6 15.Nf3 Ne4
16.Qa5 b6 17.Qa4 Nc5 18.Qd1 Bc2 19.Qd2 Ncb3 20.Qe3 Bb1 21.Nxd4 Nxd4 22.Ra1 Nc2
23.Qe4 Nxa1 24.Qxb1 Nb3 25.Bxa8 Qxa8 26.Be3 c5 27.Qd3 Nd4 28.Bxd4  1/2-1/2

[Event "XXIV Open"]
[Site "Metz FRA"]
[Date "2006.04.22"]
[Round "1"]
[White "Imbert,G"]
[Black "Bruned,B"]
[Result "1/2-1/2"]
[WhiteElo "1758"]
[BlackElo "2226"]

1.d4 Nf6 2.c4 e6 3.Nc3 Bb4 4.Qc2 O-O 5.Nf3 c5 6.dxc5 Na6 7.a3 Bxc3+ 8.Qxc3 Nxc5
9.b4 Nce4 10.Qc2 b6 11.e3 Bb7 12.Bd3 Rc8 13.Bb2 d5 14.Bxf6 Qxf6 15.O-O Ba6
16.Bxe4 dxe4 17.Nd2 Bxc4 18.Nxc4 b5 19.Qxe4 bxc4 20.Rac1 c3 21.Rfd1 Rfd8
22.Rxd8+ Qxd8 23.Qd4 c2 24.Rxc2 Qe8 25.Rxc8 Qxc8 26.h3 Qc7 27.a4 f5 28.b5 h6
29.Qb4 g5 30.a5 Qc1+ 31.Kh2 Qc7+ 32.f4 gxf4 33.exf4 h5 34.b6 axb6 35.axb6 Qb8
36.Kg3 Kf7 37.Qc5 Qg8+ 38.Kf2 h4 39.Qc7+ Kf6 40.Qc3+ Kf7 41.b7 Qb8 42.Qf3 Qa7+
43.Ke2 Qa2+ 44.Kd3 Qb3+ 45.Ke2 Qa2+ 46.Kf1 Qa1+ 47.Kf2 Qa7+  1/2-1/2

[Event "TCh-HUN 2005-6"]
[Site "Hungary HUN"]
[Date "2006.04.23"]
[Round "11"]
[White "Popovics,A"]
[Black "Csonka,A1"]
[Result "1-0"]
[WhiteElo "2397"]
[BlackElo "2373"]

1.d4 Nf6 2.c4 e6 3.Nc3 Bb4 4.Qc2 O-O 5.Bg5 b6 6.e4 h6 7.Bd2 Bxc3 8.Bxc3 d5
9.cxd5 exd5 10.e5 Ne4 11.Bd3 Bb7 12.Ne2 c5 13.Bxe4 dxe4 14.dxc5 bxc5 15.Rd1 Qe7
16.O-O Nd7 17.Ng3 Nxe5 18.Nxe4 Ng6 19.Rfe1 Bxe4 20.Qxe4 Qxe4 21.Rxe4 Rfd8
22.Rxd8+ Rxd8 23.Kf1 f6 24.Ke2 Kf7 25.Bd2 Ne5 26.Be3 Rb8 27.Bc1 Ke6 28.Re3 Kd5
29.Rc3 Nc6 30.b3 Nd4+ 31.Kd3 a5 32.Be3 Ne6 33.Rc4 Rb5 34.Kc2 Rb4 35.Kd3 Rb5
36.f3 Nd8 37.Bxc5 Nc6 38.Bf8 Ne5+ 39.Kc3 Ke6 40.Rc5 Rb8 41.Bxg7 Rg8 42.Bxh6 Rxg2
43.Rxa5 Nxf3 44.a4 Rxh2 45.Ra6+ Kf7 46.Be3 Ne5 47.Bd4 Rh3+ 48.Kb2 Nd7 49.a5 f5
50.Rc6 Rd3 51.Bc3 f4 52.Kc2 Rd5 53.Rc4 Rf5 54.Kd1 f3 55.Ke1 Nc5 56.Kf1 Nxb3
57.a6 Rd5 58.Rb4 Rd6 59.a7 Ra6 60.Rb7+ Ke6 61.Rb6+ Rxb6 62.a8=Q Kd7 63.Kf2 Kd6
64.Qa3+ Nc5 65.Bb4 Rb5 66.Qa6+  1-0

[Event "XXIV Open"]
[Site "Metz FRA"]
[Date "2006.04.24"]
[Round "3"]
[White "Brunner,N"]
[Black "Bauer,Ch"]
[Result "0-1"]
[WhiteElo "2407"]
[BlackElo "2638"]

1.d4 Nf6 2.c4 e6 3.Nc3 Bb4 4.Qc2 O-O 5.a3 Bxc3+ 6.Qxc3 Qe8 7.b3 d6 8.Bb2 a5
9.g3 a4 10.b4 b5 11.Bg2 Ra7 12.c5 Bb7 13.f3 Bd5 14.Nh3 Bc4 15.e4 Nc6 16.Qe3 Ra6
17.O-O-O e5 18.d5 Ne7 19.Kb1 Nd7 20.Rc1 c6 21.cxd6 Nc8 22.dxc6 Rxc6 23.f4 Rxd6
24.Nf2 Ncb6 25.Bh3 Bb3 26.Bf1 Nc4 27.Bxc4 Bxc4 28.Rhd1 Rxd1 29.Rxd1 f6 30.Qa7 Rf7
31.Qc7 exf4 32.gxf4 Nf8 33.Qd8 Re7 34.Qxe8 Rxe8 35.Bd4 Ng6 36.Be3 Nh4 37.Rd7 h5
38.Kb2 Nf3 39.h3 Ng1 40.Rd1 Ne2 41.Re1 h4 42.Bd2 Kf7 43.Be3 Ng3 44.Bd4 Bd5
45.e5 Rd8 46.exf6 gxf6 47.Bb6 Rd7 48.Kc3 Bc4 49.Be3 Kg6 50.Rd1 Ne4+ 51.Kb2 Rxd1
52.Nxd1 Bf1 53.Nf2 Nxf2 54.Bxf2 Kh5 55.Kc3 Bxh3 56.Kd2 Kg4 57.Ke3 Bg2 58.Bg1 Bc6
59.Kf2 Kxf4 60.Bh2+ Ke4 61.Bd6 h3 62.Kg3 Bd7 63.Be7 Kd3 64.Bxf6 Kc2  0-1

[Event "XIII TCh-RUS"]
[Site "Sochi RUS"]
[Date "2006.04.27"]
[Round "8"]
[White "Kiriakov,P"]
[Black "Romanov,E"]
[Result "1/2-1/2"]
[WhiteElo "2555"]
[BlackElo "2480"]

1.d4 Nf6 2.c4 e6 3.Nc3 Bb4 4.Qc2 O-O 5.a3 Bxc3+ 6.Qxc3 b6 7.Bg5 Bb7 8.Nf3 d6
9.Nd2 Nbd7 10.f3 c5 11.dxc5 bxc5 12.e3 a5 13.Bd3 Qb6 14.O-O h6 15.Bh4 d5
16.Rfe1 d4 17.Qc2 e5 18.exd4 exd4 19.Re2 Rfe8 20.Rae1 Rxe2 21.Rxe2 Bc6 22.Nf1 Re8
23.Rxe8+ Nxe8 24.Qe2 Nf8 25.Bg3 Ne6 26.Be5 a4 27.h3 Qd8 28.Qf2 Nf6 29.Qh4 Nd7
30.Qxd8+ Nxd8 31.Bd6 Nb7 32.Bc7 Kf8 33.Ng3 g6 34.h4 h5 35.Bf4 Ke7 36.Nf1 Ke6
37.Nd2 Ne5 38.Bf1 Na5 39.Kf2 f5 40.g3 Bb7 41.Bxe5 Kxe5 42.f4+ Kd6 43.Bd3 Nb3
44.Nxb3 axb3  1/2-1/2

[Event "Classics GMB"]
[Site "Gausdal NOR"]
[Date "2006.04.28"]
[Round "6"]
[White "Nordstrom,F"]
[Black "Hanssen,G"]
[Result "1/2-1/2"]
[WhiteElo "2178"]
[BlackElo "2254"]

1.d4 Nf6 2.c4 e6 3.Nc3 Bb4 4.Qc2 O-O 5.a3 Bxc3+ 6.Qxc3 b6 7.Bg5 Bb7 8.e3 d6
9.f3 Nbd7 10.Bd3 c5 11.Ne2 Rc8 12.Qd2 cxd4 13.exd4 Ba6 14.Rc1 d5 15.cxd5 Bxd3
16.dxe6 Bxe2 17.Rxc8 Qxc8 18.exd7 Qxd7 19.Kxe2 Nd5 20.Qd3 Qd6 21.Kf2 f5 22.Bd2 Kh8
23.g3 f4 24.Re1 fxg3+ 25.hxg3 h6 26.Kg2 Rd8 27.Re2  1/2-1/2

[Event "President's Cup"]
[Site "Baku AZE"]
[Date "2006.05.05"]
[Round "2"]
[White "Belov,Vl"]
[Black "Gashimov,S"]
[Result "1-0"]
[WhiteElo "2599"]
[BlackElo "2363"]

1.d4 Nf6 2.c4 e6 3.Nc3 Bb4 4.Qc2 O-O 5.a3 Bxc3+ 6.Qxc3 d6 7.Nf3 Nbd7 8.b4 Re8
9.e3 e5 10.Be2 a5 11.b5 e4 12.Nd2 Nf8 13.d5 N6d7 14.Bb2 Qf6 15.Qxf6 Nxf6
16.Bxf6 gxf6 17.c5 dxc5 18.Nc4 Nd7 19.d6 Ne5 20.dxc7 Nxc4 21.Bxc4 b6 22.O-O-O Ra7
23.Rd6 Rxc7 24.Rxb6 Be6 25.Bxe6 fxe6 26.Rd1 Kf7 27.Rdd6 f5 28.Kc2 c4 29.Rbc6 Rb7
30.a4 Kf6 31.Kc3 Ke5 32.g3 h5 33.h4 f4 34.exf4+ Kf5 35.Kxc4 e3 36.fxe3 Kg4
37.Rxe6 Rxe6 38.Rxe6 Kxg3 39.b6 Kxh4 40.Kb5  1-0

[Event "President's Cup"]
[Site "Baku AZE"]
[Date "2006.05.05"]
[Round "2"]
[White "Chigladze,I"]
[Black "Mchedlishvili,M"]
[Result "0-1"]
[WhiteElo "2323"]
[BlackElo "2567"]

1.d4 Nf6 2.c4 e6 3.Nc3 Bb4 4.Qc2 O-O 5.a3 Bxc3+ 6.Qxc3 d6 7.g3 e5 8.dxe5 dxe5
9.Bg2 Re8 10.b4 Nc6 11.Bb2 Bf5 12.Nf3 Ne4 13.Qe3 Nd6 14.Rc1 f6 15.c5 Nf7
16.b5 Ne7 17.Nh4 Nd5 18.Qd2 Be6 19.c6 b6 20.Rd1 Ne7 21.Qc2 Qc8 22.e4 a6 23.f4 axb5
24.O-O Bc4 25.Rf2 Nxc6 26.Bf1 Na5 27.Qc1 Bxf1 28.Rdxf1 Nc4 29.Nf5 Re6 30.Qd1 Qe8
31.Qg4 g6 32.Bc1 exf4 33.gxf4 Rxe4 34.Ng3 Re1 35.h4 Rxf1+ 36.Kxf1 Qc6 37.f5 Nce5  0-1

[Event "President's Cup"]
[Site "Baku AZE"]
[Date "2006.05.08"]
[Round "5"]
[White "Gasanov,E"]
[Black "Sturua,Z"]
[Result "1/2-1/2"]
[WhiteElo "2432"]
[BlackElo "2524"]

1.d4 Nf6 2.c4 e6 3.Nc3 Bb4 4.Qc2 O-O 5.e4 d5 6.e5 Ne4 7.a3 Bxc3+ 8.bxc3 c5
9.Bb2 Nc6 10.O-O-O cxd4 11.cxd4 f5 12.f3 Ng5 13.h4 Nf7 14.cxd5 exd5 15.Ne2 Ne7
16.Nf4 Ng6 17.Nxg6 hxg6 18.Kb1 Be6 19.Bd3 Qd7 20.Rc1 Rfc8 21.Qb3 a6 22.Qb6 Rxc1+
23.Rxc1 Rc8 24.Rxc8+ Qxc8 25.a4 Nd8 26.a5 Kf7 27.g3 Nc6 28.Ba3 Bd7 29.Bc5 Be6
30.Bc2 Bd7 31.Bb3 Be6 32.Kb2 Ke8 33.Ba4 Bd7 34.Kc3 Kf7 35.Bb3 Be6 36.Kd2 Kg8
37.Ke3 Kh7 38.Ba4 Bd7 39.Bb3 Be6 40.Bd6 Bf7 41.Qc5 Qg8 42.Bc7 Qc8 43.Bb6 Qe6  1/2-1/2

[Event "President's Cup"]
[Site "Baku AZE"]
[Date "2006.05.10"]
[Round "7"]
[White "Gasanov,E"]
[Black "Gashimov,S"]
[Result "1-0"]
[WhiteElo "2432"]
[BlackElo "2363"]

1.d4 Nf6 2.c4 e6 3.Nc3 Bb4 4.Qc2 O-O 5.Nf3 d6 6.Bd2 Nc6 7.a3 Bxc3 8.Bxc3 Qe7
9.e4 e5 10.d5 Nb8 11.Be2 a5 12.O-O a4 13.c5 Na6 14.Bxa6 Rxa6 15.Bb4 Bd7 16.Nd2 Ne8
17.cxd6 cxd6 18.f4 exf4 19.Rxf4 f5 20.Raf1 Ra8 21.exf5 Bb5 22.Re4 Qf7 23.Rf2 Qxd5
24.Re3 Nf6 25.Bc3 Rae8 26.Rxe8 Rxe8 27.Qd1 Ne4 28.Qf3 Nxc3 29.Qxc3 Kf7 30.h3 Re5
31.Nf3 Re8 32.Kh2 h5 33.Qc7+ Re7 34.Qc8 Re8 35.Qc3 Qc5 36.Qd2 Qe3 37.Qd5+ Kf8
38.Qxd6+ Kg8 39.Qd5+ Kf8 40.Nh4 Ke7 41.f6+  1-0

[Event "ch-UKR sf"]
[Site "Alushta UKR"]
[Date "2006.05.15"]
[Round "3"]
[White "Borzov,D"]
[Black "Zhornik,N"]
[Result "1/2-1/2"]
[WhiteElo "2181"]
[BlackElo "2313"]

1.d4 Nf6 2.c4 e6 3.Nc3 Bb4 4.Qc2 O-O 5.a3 Bxc3+ 6.Qxc3 b6 7.Bg5 Bb7 8.f3 h6
9.Bh4 d5 10.e3 Nbd7 11.cxd5 exd5 12.Bd3 Re8 13.Ne2 Qe7 14.Bf2 c5 15.O-O Rac8
16.Qd2 cxd4 17.Nxd4 Ne5 18.b3 Nxd3 19.Qxd3 Nd7 20.Rfe1 Nc5 21.Qf5 g6 22.Qh3 Nd3
23.Qxh6 Nxe1 24.Rxe1 Qe5 25.g4 Qg7 26.Qf4 Qe5 27.Qh6  1/2-1/2

[Event "37th Olympiad w"]
[Site "Turin ITA"]
[Date "2006.05.31"]
[Round "10"]
[White "Luna,R"]
[Black "Vovk,Ok"]
[Result "0-1"]
[WhiteElo "1974"]
[BlackElo "2164"]

1.d4 Nf6 2.c4 e6 3.Nc3 Bb4 4.Qc2 O-O 5.Bg5 d6 6.e3 Nbd7 7.Bd3 h6 8.Bh4 b6
9.Ne2 Bb7 10.f3 c5 11.a3 Bxc3+ 12.bxc3 Rc8 13.O-O Qc7 14.Rac1 Ba6 15.Qa4 Qb7
16.Rfd1 Rfe8 17.e4 e5 18.d5 Rb8 19.Rb1 Qc8 20.Bf2 Bb7 21.Be3 Qc7 22.Ng3 Nf8
23.Nf5 Bc8 24.g4 Ng6 25.Bf1 Bd7 26.Qc2 Kh7 27.Rb2 Bxf5 28.gxf5 Nf4 29.Bxf4 exf4
30.Qd2 Nh5 31.Bd3 Re5 32.Kf2 Qe7 33.Rg1 g6 34.fxg6+ fxg6 35.Kf1 Qh4 36.Qf2 Qxf2+
37.Kxf2 Nf6 38.a4 Nd7 39.Rgb1 Ree8 40.Bf1 Kg7 41.Bh3 Ne5 42.Bf1 Nd7 43.Bh3 Ne5
44.Bf1 Rb7 45.a5 Reb8 46.axb6 Rxb6 47.Rxb6 Rxb6 48.Rxb6 axb6 49.Be2 Kf6 50.h4 g5
51.h5 Ke7 52.Ke1 Nd7  0-1

[Event "Summer-1"]
[Site "Alushta UKR"]
[Date "2006.06.04"]
[Round "4"]
[White "Sumets,A"]
[Black "Shtyrenkov,V"]
[Result "1-0"]
[WhiteElo "2461"]
[BlackElo "2416"]

1.d4 Nf6 2.c4 e6 3.Nc3 Bb4 4.Qc2 O-O 5.Nf3 b6 6.e4 d5 7.e5 Ne4 8.Bd3 Bb7
9.O-O Bxc3 10.bxc3 Nd7 11.cxd5 exd5 12.c4 f5 13.cxd5 Bxd5 14.Bc4 Bxc4 15.Qxc4+ Kh8
16.Ba3 c5 17.Rad1 b5 18.Qc1 Qe7 19.dxc5 Ndxc5 20.Nd2 Qxe5 21.Nxe4 Nxe4 22.Bxf8 Rxf8
23.Rfe1 Qf6 24.f3 Nc3 25.Rd7 a5 26.Qd2 b4 27.Rd6 Qf7 28.a3 h6 29.axb4 axb4
30.Qd4 Nb5 31.Rxh6+ Kg8 32.Qxb4 gxh6 33.Qxb5 f4 34.Qc6 Qf6 35.Qd5+ Qf7 36.Re6 Kg7
37.Qe5+ Kg8 38.Rxh6  1-0

[Event "Summer-1"]
[Site "Alushta UKR"]
[Date "2006.06.06"]
[Round "8"]
[White "Sumets,A"]
[Black "Mankeyev,Raua"]
[Result "1-0"]
[WhiteElo "2461"]
[BlackElo "2381"]

1.d4 Nf6 2.c4 e6 3.Nc3 Bb4 4.Qc2 O-O 5.Nf3 c5 6.dxc5 Na6 7.Bd2 Nxc5 8.a3 Bxc3
9.Bxc3 b6 10.Ng5 g6 11.b4 Na6 12.h4 Qe7 13.h5 e5 14.hxg6 hxg6 15.Rd1 Bb7
16.Qd3 Rfd8 17.Qh3 Nh5 18.Qh4 Rac8 19.e4 Kg7 20.Qg4 Nf6 21.Qg3 d6 22.f4 Re8
23.Rxd6 Qxd6 24.fxe5 Qc7 25.exf6+ Kg8 26.Rh8+  1-0

[Event "TCh-NOR"]
[Site "Oslo NOR"]
[Date "2006.06.07"]
[Round "1"]
[White "Lahlum,H"]
[Black "Bergvoll,M"]
[Result "1/2-1/2"]
[WhiteElo "2264"]
[BlackElo "2024"]

1.d4 Nf6 2.c4 e6 3.Nc3 Bb4 4.Qc2 O-O 5.a3 Bxc3+ 6.Qxc3 b6 7.Bg5 Bb7 8.Nf3 d6
9.Nd2 h6 10.Bh4 Nbd7 11.f3 c5 12.e4 cxd4 13.Qxd4 Qc7 14.Be2 d5 15.cxd5 exd5
16.Bxf6 Nxf6 17.e5 Nd7 18.f4 Rfe8 19.O-O Qc5 20.Nb3 Qc2 21.Bd1 Qf5 22.Bf3 Nf8
23.Qd2 Ne6 24.g3 Rac8 25.Rac1 Red8 26.Nd4 Nxd4 27.Qxd4 Qd7 28.Rfd1 Qb5 29.Bg4 Rc5
30.b4 Rc6 31.Bf3 Rdc8 32.Rxc6 Bxc6 33.Bxd5 Bxd5 34.Qxd5 Qe2 35.Qd2 Qf3 36.Qd3 Qc6
37.Rd2 Qc1+ 38.Rd1 Qc6 39.Qd2 Qf3 40.Rc1 Rxc1+ 41.Qxc1 Qd3 42.Kf2 Qb3 43.h4 Qa2+
44.Kg1 Qb3 45.Kh2 Qa2+ 46.Kg1 Qb3 47.Kf2 Qa2+ 48.Kf3 Qd5+ 49.Ke3 Qb3+ 50.Kf2 Qa2+
51.Kg1 Qb3  1/2-1/2

[Event "28th Nezhmetdinov mem"]
[Site "Kazan RUS"]
[Date "2006.06.08"]
[Round "8"]
[White "Kornev,Alexei"]
[Black "Askarov,M"]
[Result "0-1"]
[WhiteElo "2575"]
[BlackElo "2438"]

1.d4 Nf6 2.c4 e6 3.Nc3 Bb4 4.Qc2 O-O 5.a3 Bxc3+ 6.Qxc3 b6 7.Bg5 Ba6 8.Qf3 Nc6
9.e3 Na5 10.Rc1 c5 11.d5 exd5 12.Bxf6 Qxf6 13.Qxf6 gxf6 14.cxd5 Nb3 15.Rc2 Bxf1
16.Kxf1 Rfe8 17.Ne2 Kf8 18.Nf4 b5 19.g4 Re5 20.Kg2 Ke7 21.Kf3 c4 22.Rd1 Kd6
23.e4 Nc5 24.Re2 Rae8 25.Rde1 Nb3 26.Rd1 Kc5 27.Nh5 Rxh5 28.gxh5 Nd4+ 29.Rxd4 Kxd4
30.Rd2+ Kc5 31.Kf4 Re5 32.h6 a5 33.Rd1 b4 34.axb4+ axb4 35.Ra1 b3 36.Ra7 Kd4
37.f3 f5 38.Rxd7 fxe4 39.d6 e3 40.Re7 Rd5 41.d7 Kd3 42.Rxe3+ Kc2 43.Rc3+ Kxb2
44.Rxc4 Rxd7 45.Ke5 Ka3 46.Rc8 Rb7 47.Ra8+ Kb4 48.Ra1 Rb6  0-1

[Event "ch-FIN"]
[Site "Helsinki FIN"]
[Date "2006.06.11"]
[Round "2"]
[White "Topi Hulmi,T"]
[Black "Salimaki,J"]
[Result "0-1"]
[WhiteElo "2281"]
[BlackElo "2193"]

1.d4 Nf6 2.c4 e6 3.Nc3 Bb4 4.Qc2 O-O 5.Bg5 Nc6 6.e3 Re8 7.Nf3 e5 8.O-O-O Bxc3
9.bxc3 Qe7 10.Kb1 d6 11.Nd2 Bg4 12.f3 Bh5 13.Bd3 Bg6 14.Ne4 Bxe4 15.fxe4 Nb8
16.Rhf1 Nbd7 17.Rf5 c5 18.d5 a6 19.Rdf1 Rab8 20.a4 Rec8 21.Qe2 Rc7 22.R1f3 b5
23.cxb5 c4 24.Bxc4 Rbc8 25.Bb3 Rxc3 26.Kb2 Qd8 27.Qf2 Qa5 28.Bxf6 Qb4  0-1

[Event "VIII Open"]
[Site "Salou ESP"]
[Date "2006.06.12"]
[Round "6"]
[White "Aloma Vidal,R"]
[Black "Caruana,F"]
[Result "0-1"]
[WhiteElo "2352"]
[BlackElo "2421"]

1.d4 e6 2.c4 Nf6 3.Nc3 Bb4 4.Qc2 O-O 5.e4 d5 6.e5 Ne4 7.Bd3 c5 8.cxd5 exd5
9.Ne2 Nc6 10.dxc5 Nxe5 11.O-O Nxd3 12.Qxd3 Bxc5 13.Nxd5 Bf5 14.b4 Bd6 15.Bf4 Bxf4
16.Nexf4 Qg5 17.Rfe1 Rfe8 18.f3 Nd6 19.Qd4 h6 20.Qc5 Red8 21.Rad1 Kh8 22.Qf2 Rd7
23.h4 Qd8 24.g4 Bh7 25.Re2 Ne8 26.Rde1 Nc7 27.Ne3 Nb5 28.Nf1 Nd4 29.Re5 Qxh4
30.Re8+ Rxe8 31.Rxe8+ Bg8 32.Qe3 Rd8 33.Rxd8 Qxd8 34.Ng3 Qb6 35.Kg2 Qxb4
36.Nfh5 Qb2+ 37.Kh3 Ne6 38.f4 Qxa2 39.Qe5 Qf2 40.Nf5 Qf3+ 41.Kh4 f6 42.Nxf6 Qf2+  0-1

[Event "Open A"]
[Site "Balatonlelle HUN"]
[Date "2006.06.17"]
[Round "1"]
[White "Balazs,G2"]
[Black "Berczes,D"]
[Result "1/2-1/2"]
[WhiteElo "2178"]
[BlackElo "2450"]

1.d4 Nf6 2.c4 e6 3.Nc3 Bb4 4.Qc2 O-O 5.a3 Bxc3+ 6.Qxc3 b5 7.cxb5 c6 8.Bg5 cxb5
9.e3 Bb7 10.f3 a6 11.Bd3 Nc6 12.Ne2 h6 13.Bh4 g5 14.Bf2 Nd5 15.Qd2 f5 16.h4 Na5
17.Nc1 Nc4 18.Bxc4 bxc4 19.hxg5 hxg5 20.Ne2 Qf6 21.O-O-O Kg7 22.e4 fxe4 23.fxe4 c3
24.bxc3 Qe7 25.exd5 Rxf2 26.d6 Qf6 27.Rh5 Rxg2 28.Rdh1 Be4 29.Qe3 Bg6 30.R5h2 Rxh2
31.Rxh2 Rb8 32.Rf2 Bf5  1/2-1/2

[Event "Open A"]
[Site "Voronezh RUS"]
[Date "2006.06.21"]
[Round "9"]
[White "Zakhartsov,V"]
[Black "Tologontegin,S"]
[Result "1-0"]
[WhiteElo "2547"]
[BlackElo "2270"]

1.d4 Nf6 2.c4 e6 3.Nc3 Bb4 4.Qc2 O-O 5.a3 Bxc3+ 6.Qxc3 b6 7.Bg5 Bb7 8.e3 d6
9.Ne2 Nbd7 10.Qd3 Ba6 11.b4 c5 12.b5 Bb7 13.Nc3 Qe7 14.Rd1 Rfd8 15.d5 exd5
16.cxd5 Re8 17.Be2 Rac8 18.Qc4 h6 19.Bh4 Ne5 20.Qa4 Ng6 21.Bg3 Ra8 22.O-O Bc8
23.Qc2 Bd7 24.h3 Rac8 25.Rfe1 Nf8 26.Bh2 g5 27.a4 Ng6 28.a5 g4 29.hxg4 Bxg4
30.Bxg4 Nxg4 31.Bg3 N4e5 32.Ra1 Rb8 33.Qf5 Kg7 34.axb6 axb6 35.Ra6 Rb7 36.Rea1 Nc4
37.Kh2 Nge5 38.Ra8 Rxa8 39.Rxa8 Ra7 40.Rxa7 Qxa7 41.Bh4 Qd7 42.Bf6+ Kg8 43.Qf4 Ng4+
44.Kg3 Nxf6 45.Qxf6 Qe8 46.Kf4 Qe5+ 47.Qxe5 Nxe5 48.Ne4 Nc4 49.Kf5 Kg7 50.g3 Nb2
51.Nxd6  1-0

[Event "Midnight Sun"]
[Site "Tromso NOR"]
[Date "2006.06.26"]
[Round "3"]
[White "Shipov,S"]
[Black "Kvisla,J"]
[Result "1-0"]
[WhiteElo "2576"]
[BlackElo "2026"]

1.d4 Nf6 2.c4 e6 3.Nc3 Bb4 4.Qc2 O-O 5.a3 Bxc3+ 6.Qxc3 b6 7.Nf3 Bb7 8.e3 d6
9.Be2 Nbd7 10.O-O Ne4 11.Qc2 f5 12.b4 a5 13.Bb2 Ng5 14.d5 Nxf3+ 15.Bxf3 e5
16.Be2 axb4 17.axb4 Rxa1 18.Rxa1 b5 19.c5 Bxd5 20.cxd6 cxd6 21.Bxb5 Nf6 22.Bf1 Qc8
23.Qd3 Qb7 24.b5 Nd7 25.Ba3 Rf6 26.Rd1 Nb6 27.Qc2 Be4 28.Qb3+ Bd5 29.Rxd5  1-0

[Event "Midnight Sun"]
[Site "Tromso NOR"]
[Date "2006.06.28"]
[Round "5"]
[White "Nyland,T"]
[Black "Bergvoll,M"]
[Result "1-0"]
[WhiteElo "2172"]
[BlackElo "2024"]

1.d4 Nf6 2.c4 e6 3.Nc3 Bb4 4.Qc2 O-O 5.a3 Bxc3+ 6.Qxc3 b6 7.Nf3 Bb7 8.Bg5 d6
9.e3 Nbd7 10.Bd3 c5 11.O-O Rc8 12.b4 Qc7 13.dxc5 bxc5 14.Rfd1 Rfe8 15.Rac1 d5
16.Bxf6 Nxf6 17.cxd5 Bxd5 18.bxc5 Bxf3 19.gxf3 Nd5 20.Qc2 h5 21.Be4 Ne7 22.Qc4 Qe5
23.f4 Qf6 24.Qd4 Qh4 25.c6 f5 26.Bf3 Ng6 27.c7 e5 28.fxe5 Qg5+ 29.Kh1 Nxe5
30.Bd5+ Kh8 31.f4  1-0